[Event "San Francisco Bernardo Smith Memorial"]
[Site "San Francisco"]
[Date "2005.08.21"]
[Round "4"]
[White "Litowsky, Daniel"]
[Black "Gomatam, Nitin"]
[Result "1-0"]
[WhiteElo "1700"]
[BlackElo "1080"]
[PlyCount "71"]
[EventDate "2005.08.20"]
[EventType "swiss"]
[EventRounds "6"]
[EventCountry "USA"]
[SourceTitle "EXT 2007"]
[Source "ChessBase"]
[SourceDate "2006.11.23"]
[SourceVersion "1"]
[SourceVersionDate "2006.11.23"]
[SourceQuality "1"]

1. e4 c5 2. Nc3 Nc6 3. Bc4 Nf6 4. a3 d6 5. d3 g6 6. h3 Bg7 7. Bg5 0-0 8. Nf3 a6 9. 0-0 b5 10. Ba2 Bb7 11. Qd2 b4 12. axb4 cxb4 13. Ne2 Rc8 14. Bh6 a5 15. Bb3 Re8 16. Bxg7 Kxg7 17. Ng3 e6 18. c3 Nd7 19. Nh2 h5 20. f4 Nc5 21. Bc2 b3 22. Bd1 Na7 23. Bf3 Ba6 24. Be2 Bb7 25. Nf3 Qb6 26. Kh2 f6 27. Nd4 Nc6 28. Nf3 Ne7 29. Nh4 f5 30. Bf3 d5 31. e5 Ba6 32. Be2 Nc6 33. Nf3 Red8 34. Ng5 d4 35. c4 a4 36. Rf3 1-0